000 00679nam a2200253Ia 4500
003 OSt
005 20220924120318.0
006 a|||||r|||| 00| 0
007 ta
008 220923b |||||||| |||| 00| 0 urd d
020 _c98
024 _a320957
037 _cTextual
040 _aARTS
_cARTS
_burd
041 _2urd
_aurd
082 _aQ7wD6, 168N2
100 _aAl-Hashmi Talib Au.
_9181613
245 0 _aSarwar-e-Kainaat ke pachaas sahabah
260 _aDelhi
_bMarkazi maktaba Islami India
_c1992
300 _a656p.
_ccm.
650 _aRELIGION
942 _hQ7wD6, 168N2
_cTEXL
_2CC
999 _c402245
_d402245